Chapman Library

Business statistics in practice (Record no. 2343)

000 -LEADER
fixed length control field 00457nam a22001577a 4500
020 ## - INTERNATIONAL STANDARD BOOK NUMBER
ISBN 9780072977479
050 ## - LIBRARY OF CONGRESS CALL NUMBER
Classification number HF 1017 bow
100 ## - MAIN ENTRY--AUTHOR NAME
Personal name BOWERMAN, Bruce L.
245 ## - TITLE STATEMENT
Title Business statistics in practice
250 ## - EDITION STATEMENT
Edition statement 4th
260 ## - PUBLICATION, DISTRIBUTION, ETC. (IMPRINT)
Place of publication New York, NY
Name of publisher McGraw-Hill / Irwin
Year of publication 2007
300 ## - PHYSICAL DESCRIPTION
Number of Pages xxi, 881p., includes bibliographical references and index
650 ## - SUBJECT ADDED ENTRY--TOPICAL TERM
Topical Term 1. Commerical statistics 2. Statistics
700 ## - ADDED ENTRY--PERSONAL NAME
Personal name O'CONNELL, Richard T.
942 ## - ADDED ENTRY ELEMENTS (KOHA)
Koha item type Books
Holdings
Koha item type Shelving location Accession Number Permanent Location Current Location Date acquired Full call number
BooksLending4023 c1Chapman LibraryChapman Library2017-02-15HF 1017 bow
BooksReference4024 c2Chapman LibraryChapman Library2017-02-15HF 1017 bow
BooksReference4025 c3Chapman LibraryChapman Library2017-02-15HF 1017 bow


CSUC Chapman Library is a Koha Automated Library.


Contact us: library@csuc.edu.gh.